00567nam a2200157Ia 4500008004100000100002600041245009700067245002600164260005900190260000900249650001800258650001500276856002600291999001900317952007300336170221s9999 xx 000 0 und d aJudith McIntosh White aTranslating Science, Health and Technology: Reporters as Knowledge Transfer Intermediaries  cJudith McIntosh White bOnline Journal of Communication and Media Technologies c2016 xCommunication xMedia Arts uhttp://www.ojcmt.net/ c309186d309186 001040aCLbCLd2017-02-21l0r2017-02-21 00:00:00w2017-02-21yFOJ